| 000 | 01334cam a2200361 a 4500 | ||
|---|---|---|---|
| 001 | 14193932 | ||
| 003 | FISKH | ||
| 005 | 20251020112525.0 | ||
| 008 | 051208s2006 nyu 000 1 eng | ||
| 010 | _a 2005035806 | ||
| 020 | _a0525949496 | ||
| 020 | _a9780525949497 | ||
| 020 | _a9782266178204 | ||
| 035 | _a(OCoLC)ocm62536000 | ||
| 040 |
_aDLC _cDLC _dBAKER _dHHO _dC#P _dVP@ _dDLC _dDLC _dFISKH _beng |
||
| 050 | 0 | 0 |
_aPS3553 _b.O225 P76 2006 |
| 082 | 0 | 0 |
_a813.54 _222 |
| 100 | 1 |
_aCoben, Harlan, _d1962- |
|
| 245 | 1 | 0 |
_aPromets-moi / _cHarlan Coben. _bThriller |
| 260 |
_aNew York, N.Y. : _bDutton, _cc2006. |
||
| 300 |
_a370 p. _c24 cm. |
||
| 500 | _aFrench translation of original English text | ||
| 600 | 1 | 0 |
_aBolitar, Myron _c(Fictitious character) _vFiction. |
| 650 | 0 |
_aSports agents _vFiction. |
|
| 650 | 0 |
_aMissing children _vFiction. |
|
| 650 | 0 |
_aTeenage girls _xCrimes against _vFiction. |
|
| 655 | 7 |
_aMystery fiction. _2gsafd |
|
| 856 | 4 | 1 |
_3Table of contents only _uhttp://www.loc.gov/catdir/toc/ecip065/2005035806.html |
| 856 | 4 | 2 |
_3Publisher description _uhttp://www.loc.gov/catdir/enhancements/fy0719/2005035806-d.html |
| 856 | 4 | 2 |
_3Contributor biographical information _uhttp://www.loc.gov/catdir/enhancements/fy0719/2005035806-b.html |
| 906 |
_a7 _bcbc _corignew _d1 _eecip _f20 _gy-gencatlg |
||
| 942 |
_2lcc _cBK _n0 |
||
| 999 |
_c10 _d10 |
||